Größte Unternehmen Deutschlands (Wertschöpfung) - Statistiken

Allgemein
  • Dieses Quiz wurde 106 mal gespielt
  • Das Durchschnittsergebnis liegt bei 9 aus 20
Antwortstatistiken
Wertschöpfung (in Mio.) Antwort % Korrekt
39.932 Volkswagen
97%
24.508 Mercedes-Benz
92%
16.683 Bayerische Motoren Werke
88%
12.304 Siemens
69%
5.825 SAP
66%
14.461 Deutsche Bahn
58%
8.632 Deutsche Post
55%
14.352 Robert Bosch
53%
15.127 Deutsche Telekom
51%
8.784 BASF
42%
5.742 Deutsche Bank
38%
5.163 EDEKA
38%
7.469 REWE
37%
6.250 Lufthansa
24%
4.966 Airbus
11%
7.347 INA-Holding Schaeffler
11%
8.777 BioNTech
8%
7.053 Fresenius
7%
5.327 Hapag-Lloyd
4%
5.475 Shell
2%
Keine übereinstimmenden Quizze gefunden
Verteilung der Resultate
Anzahl Personen mit jedem Resultat
Perzentil nach korrekt beantworteten Fragen
Ihre Resultats-Entwicklung
Sie haben dieses Quiz noch nicht gespielt